NAMA CHINTAMANI: NAMAJAPACHE MAHATVA -BHAG 2 (Record no. 356941)

MARC details
000 -LEADER
fixed length control field 004820000a22001930004500
005 - DATE AND TIME OF LATEST TRANSACTION
control field 20120302062522.0
040 ## - CATALOGING SOURCE
Original cataloging agency MAR
100 ## - MAIN ENTRY--PERSONAL NAME
Personal name KAMAT, RAMCHANDRA KRUSHNA
245 ## - TITLE STATEMENT
Title NAMA CHINTAMANI: NAMAJAPACHE MAHATVA -BHAG 2
260 ## - PUBLICATION, DISTRIBUTION, ETC. (IMPRINT)
Place of publication, distribution, etc MUMBAI:KESHAV BHIKAJI DHAVALE,1952
300 ## - PHYSICAL DESCRIPTION
Extent 395 P.
365 ## - TRADE PRICE
Price amount RS.3.50
650 ## - SUBJECT ADDED ENTRY--TOPICAL TERM
Topical term or geographic name as entry element ADHYATMA
650 ## - SUBJECT ADDED ENTRY--TOPICAL TERM
Topical term or geographic name as entry element NAMAJAPA
650 ## - SUBJECT ADDED ENTRY--TOPICAL TERM
Topical term or geographic name as entry element NAMACHINTAMANI
650 ## - SUBJECT ADDED ENTRY--TOPICAL TERM
Topical term or geographic name as entry element MANTRA JAPA5VEDANTA
650 ## - SUBJECT ADDED ENTRY--TOPICAL TERM
Topical term or geographic name as entry element NAMYOGA RAHASYA
942 ## - ADDED ENTRY ELEMENTS (KOHA)
Koha item type Book
Holdings
Withdrawn status Lost status Damaged status Not for loan Home library Current library Date acquired Total Checkouts Barcode Date last seen Price effective from
        Institute For Oriental Study, Thane Institute For Oriental Study, Thane 12/02/2009   IOS-18002 12/02/2009 12/02/2009